Statistiques concernant Hayao Miyazaki

Cliquez ici pour prendre le quiz!

Statistiques générales

  • Ce quiz a été pris 149 fois
  • Le résultat moyen est 8 sur 11

Statistiques - réponses

HintRéponse% Correct
2004Le Château ambulant
92%
1986Le Château dans le ciel
92%
2001Le Voyage de Chihiro
89%
1997Princesse Mononoké
89%
1988Mon Voisin Totoro
80%
1989Kiki la petite sorcière
74%
1992Porco Rosso
73%
2008Ponyo sur la falaise
70%
2013Le Vent se lève
63%
1984Nausicaä de la Vallée du Vent
44%
1979Le Château de Cagliostro
39%

Distribution des résultats

Percentile par nombre de réponses

% des personnes avec chaque résultat

Votre développement - résultats

Vous n’avez pas pris ce quiz